[Event "CZE-chT2A 2223"]
[Site "Czech Republic"]
[Date "2023.03.05"]
[Round "10.6"]
[White "Blecha, Miroslav"]
[Black "Orsagova, Silvie"]
[Result "1-0"]
[WhiteElo "2026"]
[BlackElo "2066"]
[PlyCount "61"]
[EventDate "2022.10.16"]
[EventType "team-tourn"]
[EventRounds "11"]
[EventCountry "CZE"]
[SourceTitle "EXT 2024"]
[Source "ChessBase"]
[SourceDate "2023.10.10"]
[SourceVersion "1"]
[SourceVersionDate "2023.10.10"]
[SourceQuality "1"]
[WhiteTeam "Line II"]
[BlackTeam "Praha Dukla"]
[WhiteTeamCountry "CZE"]
[BlackTeamCountry "CZE"]

1. e4 d5 2. exd5 Qxd5 3. Nc3 Qa5 4. d4 Nf6 5. Nf3 c6 6. Bc4 Bf5 7. Bd2 e6 8. Nd5 Qd8 9. Nxf6+ gxf6 10. Bb3 Rg8 11. Qe2 Na6 12. 0-0-0 Qc7 13. Nh4 0-0-0 14. Nxf5 exf5 15. Qf3 Rxd4 16. Be3 Rxd1+ 17. Rxd1 Qa5 18. Bxf7 Rh8 19. Be6+ Kb8 20. Bf4+ Ka8 21. Qc3 Bb4 22. Qxf6 Rf8 23. Qg7 Re8 24. Qxh7 Nc5 25. Qf7 Rh8 26. Bxf5 Na4 27. Qc7 Rf8 28. g4 Nc3 29. Qxa5 Ne2+ 30. Kb1 Bxa5 31. Be3 1-0

[Event "Pilsen Region-chT 2223"]
[Site "Czech Republic"]
[Date "2022.12.11"]
[Round "5.5"]
[White "Blecha, Miroslav"]
[Black "Malecek, Jiri"]
[Result "1-0"]
[WhiteElo "2055"]
[BlackElo "1838"]
[PlyCount "59"]
[EventDate "2022.10.09"]
[EventType "team-tourn"]
[EventRounds "11"]
[EventCountry "CZE"]
[SourceTitle "EXT 2024"]
[Source "ChessBase"]
[SourceDate "2023.10.10"]
[SourceVersion "1"]
[SourceVersionDate "2023.10.10"]
[SourceQuality "1"]
[WhiteTeam "Line IV"]
[BlackTeam "Kozolupy Sakal"]
[WhiteTeamCountry "CZE"]
[BlackTeamCountry "CZE"]

1. e4 g6 2. d4 Bg7 3. Nc3 d6 4. Be3 c6 5. Qd2 Qa5 6. Nge2 b5 7. g3 Nd7 8. Bg2 Bb7 9. 0-0 Ngf6 10. Bh6 0-0 11. Bxg7 Kxg7 12. f4 Rad8 13. f5 Qb6 14. Kh1 c5 15. d5 Ne5 16. b3 Bc8 17. h3 Bd7 18. g4 b4 19. Nd1 Rc8 20. Ng3 Qd8 21. Nb2 Bb5 22. Rf2 Qa5 23. Nd3 Nxd3 24. cxd3 Nd7 25. g5 f6 26. h4 Ne5 27. Bf1 Be8 28. Qf4 Qb5 29. Rd1 a5 30. d4 1-0

[Event "Pilsen Region-chT 2223"]
[Site "Czech Republic"]
[Date "2022.11.27"]
[Round "4.3"]
[White "Cvikl, Michal"]
[Black "Blecha, Miroslav"]
[Result "1-0"]
[WhiteElo "1997"]
[BlackElo "2055"]
[PlyCount "39"]
[EventDate "2022.10.09"]
[EventType "team-tourn"]
[EventRounds "11"]
[EventCountry "CZE"]
[SourceTitle "EXT 2024"]
[Source "ChessBase"]
[SourceDate "2023.10.10"]
[SourceVersion "1"]
[SourceVersionDate "2023.10.10"]
[SourceQuality "1"]
[WhiteTeam "Line III"]
[BlackTeam "Line IV"]
[WhiteTeamCountry "CZE"]
[BlackTeamCountry "CZE"]

1. e4 c5 2. Nf3 e6 3. d4 cxd4 4. Nxd4 Nf6 5. Nc3 d6 6. Bc4 Be7 7. Bb3 0-0 8. Be3 a6 9. Qe2 Nc6 10. 0-0-0 Qc7 11. g4 Na5 12. Rhg1 Nxb3+ 13. axb3 b5 14. g5 Ne8 15. Nf5 exf5 16. Nd5 Qb7 17. Qf3 Qd7 18. Qxf5 Qxf5 19. Nxe7+ Kh8 20. Nxf5 1-0

[Event "CZE-chT2A 1819"]
[Site "Czech Republic"]
[Date "2019.03.31"]
[Round "11.3"]
[White "Blecha, Miroslav"]
[Black "Sindler, Michal"]
[Result "1-0"]
[WhiteElo "2150"]
[BlackElo "2223"]
[PlyCount "93"]
[EventDate "2018.10.14"]
[EventType "team-tourn"]
[EventRounds "11"]
[EventCountry "CZE"]
[SourceTitle "EXT 2022"]
[Source "ChessBase"]
[SourceDate "2021.10.06"]
[SourceVersion "1"]
[SourceVersionDate "2021.10.06"]
[SourceQuality "1"]
[WhiteTeam "Line"]
[BlackTeam "Ricany"]
[WhiteTeamCountry "CZE"]
[BlackTeamCountry "CZE"]

1. e4 c5 2. Nf3 d6 3. d4 cxd4 4. Nxd4 Nf6 5. Nc3 Nc6 6. Bg5 e6 7. Qd2 a6 8. 0-0-0 h6 9. Be3 Bd7 10. f3 b5 11. g4 Ne5 12. g5 hxg5 13. Bxg5 b4 14. Nb1 Qa5 15. a3 d5 16. exd5 Nxd5 17. Qe1 Qc7 18. f4 bxa3 19. bxa3 Nc6 20. Nxe6 fxe6 21. Rxd5 Kf7 22. Bc4 Bxa3+ 23. Nxa3 exd5 24. Bxd5+ Kf8 25. Qc3 Qd6 26. Rd1 Rh3 27. Bf3 Rxf3 28. Qxf3 Qe6 29. Nc4 Qxc4 30. Rxd7 Re8 31. Qb3 Re1+ 32. Kb2 Qxb3+ 33. Kxb3 Rb1+ 34. Kc4 Rb5 35. h4 Na5+ 36. Kd3 Nc6 37. Rc7 Nb4+ 38. Ke4 Kg8 39. c4 Rb8 40. Kf5 Re8 41. Be7 Nc2 42. Kg6 Ne3 43. f5 Ra8 44. Bc5 Nxc4 45. Rxg7+ Kh8 46. Rh7+ Kg8 47. Bd4 1-0

[Event "CZE-chT2A 1819"]
[Site "Czech Republic"]
[Date "2019.01.13"]
[Round "6.4"]
[White "Blecha, Miroslav"]
[Black "Novotny, Martin"]
[Result "0-1"]
[WhiteElo "2150"]
[BlackElo "2016"]
[PlyCount "54"]
[EventDate "2018.10.14"]
[EventType "team-tourn"]
[EventRounds "11"]
[EventCountry "CZE"]
[SourceTitle "EXT 2022"]
[Source "ChessBase"]
[SourceDate "2021.10.06"]
[SourceVersion "1"]
[SourceVersionDate "2021.10.06"]
[SourceQuality "1"]
[WhiteTeam "Line"]
[BlackTeam "Ricany II"]
[WhiteTeamCountry "CZE"]
[BlackTeamCountry "CZE"]

1. e4 c5 2. Nf3 g6 3. d4 Bg7 4. c3 cxd4 5. cxd4 Nc6 6. Nc3 d6 7. h3 Nf6 8. Be2 0-0 9. 0-0 d5 10. e5 Ne4 11. Be3 Nxc3 12. bxc3 Qc7 13. Qd2 Na5 14. Bh6 Nc4 15. Qf4 Bf5 16. g4 Be6 17. Kh1 Rac8 18. Bxg7 Kxg7 19. Ng5 h6 20. Nf3 Qa5 21. Rfc1 Na3 22. Qd2 Rc7 23. c4 Qxd2 24. Nxd2 dxc4 25. Bf3 Rd8 26. Rc3 Nb5 27. Rc2 Nxd4 0-1

[Event "CZE-chT2A 1819"]
[Site "Czech Republic"]
[Date "2018.10.14"]
[Round "1.4"]
[White "Blecha, Miroslav"]
[Black "Vybiral, Zdenek"]
[Result "1-0"]
[WhiteElo "2150"]
[BlackElo "2260"]
[PlyCount "101"]
[EventDate "2018.10.14"]
[EventType "team-tourn"]
[EventRounds "11"]
[EventCountry "CZE"]
[SourceTitle "EXT 2022"]
[Source "ChessBase"]
[SourceDate "2021.10.06"]
[SourceVersion "1"]
[SourceVersionDate "2021.10.06"]
[SourceQuality "1"]
[WhiteTeam "Line"]
[BlackTeam "Tabor"]
[WhiteTeamCountry "CZE"]
[BlackTeamCountry "CZE"]

1. e4 c5 2. Nc3 e6 3. d3 Nc6 4. g3 g6 5. Bg2 Bg7 6. f4 Nge7 7. Nge2 d6 8. 0-0 f5 9. Kh1 Rb8 10. Be3 Nd4 11. Bg1 Nxe2 12. Qxe2 0-0 13. Nd1 b6 14. c3 e5 15. Ne3 Be6 16. Nd5 Nxd5 17. exd5 Bd7 18. Rae1 Re8 19. Qd2 Qf6 20. fxe5 Rxe5 21. Rxe5 Qxe5 22. d4 Qe7 23. Re1 Qf6 24. Qd3 Re8 25. Rxe8+ Bxe8 26. dxc5 bxc5 27. Qa6 Qe7 28. b4 Bf8 29. a4 Bf7 30. a5 Qe5 31. Qd3 a6 32. b5 axb5 33. a6 c4 34. Qd4 Qe1 35. Qb6 Qd1 36. Qxb5 Bh6 37. Qxc4 Be3 38. Qf1 Qd2 39. a7 Bxa7 40. Bxa7 Qxc3 41. Bg1 Qd2 42. Qc4 h6 43. Qd4 Qa2 44. h3 Kf8 45. Qf6 Qa3 46. Kh2 h5 47. Bb6 h4 48. Qxh4 Qb2 49. Bd4 Qa3 50. Qh8+ Bg8 51. Qg7+ 1-0

[Event "CZE-chT2A 1415"]
[Site "Czech Republic"]
[Date "2015.02.22"]
[Round "8.1"]
[White "Blecha, Miroslav"]
[Black "Turner, Jan"]
[Result "0-1"]
[WhiteElo "2225"]
[BlackElo "2376"]
[PlyCount "90"]
[EventDate "2014.11.02"]
[EventType "team-tourn"]
[EventRounds "11"]
[EventCountry "CZE"]
[SourceTitle "EXT 2022"]
[Source "ChessBase"]
[SourceDate "2021.10.06"]
[SourceVersion "1"]
[SourceVersionDate "2021.10.06"]
[SourceQuality "1"]
[WhiteTeam "Line"]
[BlackTeam "Tachov"]
[WhiteTeamCountry "CZE"]
[BlackTeamCountry "CZE"]

1. e4 d6 2. d4 Nf6 3. Nc3 e5 4. Nf3 exd4 5. Nxd4 Be7 6. Bc4 0-0 7. Bb3 Na6 8. 0-0 Nc5 9. Re1 Re8 10. h3 c6 11. Qf3 Qb6 12. Be3 Qc7 13. Bf4 Bf8 14. Rad1 a5 15. a4 Nxb3 16. Nxb3 Nd7 17. Qg3 Ne5 18. Nd4 Qe7 19. Re2 f6 20. Bc1 Nf7 21. f4 Qc7 22. b3 Bd7 23. Ba3 Rad8 24. Kh1 Bc8 25. Red2 Kh8 26. Nf3 f5 27. exf5 Bxf5 28. Nh4 Nh6 29. Bb2 Qf7 30. Ne2 d5 31. Qg5 Kg8 32. Nd4 Be7 33. Qg3 Be4 34. Ndf3 Bxf3 35. Nxf3 Nf5 36. Qf2 Bb4 37. c3 Bd6 38. g3 Qh5 39. Ng5 Re3 40. g4 Rxh3+ 41. Nxh3 Qxh3+ 42. Qh2 Ng3+ 43. Kg1 Bc5+ 44. Rd4 Bxd4+ 45. cxd4 Qxg4 0-1

[Event "CZE-chT2A 1415"]
[Site "Czech Republic"]
[Date "2015.01.25"]
[Round "6.1"]
[White "Blecha, Miroslav"]
[Black "Krejcik, Jiri"]
[Result "1-0"]
[WhiteElo "2225"]
[BlackElo "2189"]
[PlyCount "57"]
[EventDate "2014.11.02"]
[EventType "team-tourn"]
[EventRounds "11"]
[EventCountry "CZE"]
[SourceTitle "EXT 2022"]
[Source "ChessBase"]
[SourceDate "2021.10.06"]
[SourceVersion "1"]
[SourceVersionDate "2021.10.06"]
[SourceQuality "1"]
[WhiteTeam "Line"]
[BlackTeam "Karlovy Vary II"]
[WhiteTeamCountry "CZE"]
[BlackTeamCountry "CZE"]

1. e4 c5 2. Nf3 e6 3. d4 cxd4 4. Nxd4 a6 5. Bd3 Qc7 6. 0-0 Nf6 7. Nc3 b5 8. Re1 d6 9. f4 Nbd7 10. Kh1 Be7 11. Qf3 Bb7 12. Qg3 g6 13. e5 Nh5 14. Qh3 dxe5 15. fxe5 Nxe5 16. Bh6 Nxd3 17. cxd3 Rd8 18. Nxe6 fxe6 19. Qxe6 Rd7 20. Ne4 Bxe4 21. Rxe4 Kd8 22. Qxa6 Bf6 23. Rc1 Rxd3 24. Qa8+ Kd7 25. Rxc7+ Kxc7 26. Qa7+ Kd6 27. Qb6+ Kd5 28. Qe6+ Kc5 29. b4# 1-0

[Event "CZE-chT2A 1415"]
[Site "Czech Republic"]
[Date "2014.11.02"]
[Round "1.1"]
[White "Blecha, Miroslav"]
[Black "Freisler, Pavel"]
[Result "0-1"]
[WhiteElo "2225"]
[BlackElo "2301"]
[PlyCount "128"]
[EventDate "2014.11.02"]
[EventType "team-tourn"]
[EventRounds "11"]
[EventCountry "CZE"]
[SourceTitle "EXT 2022"]
[Source "ChessBase"]
[SourceDate "2021.10.06"]
[SourceVersion "1"]
[SourceVersionDate "2021.10.06"]
[SourceQuality "1"]
[WhiteTeam "Line"]
[BlackTeam "Kladno"]
[WhiteTeamCountry "CZE"]
[BlackTeamCountry "CZE"]

1. e4 e5 2. Nf3 Nc6 3. Bb5 Nf6 4. 0-0 Nxe4 5. d4 a6 6. Bxc6 dxc6 7. Re1 Nf6 8. Nxe5 Be7 9. Qe2 Be6 10. Bg5 0-0 11. Nxf7 Rxf7 12. Qxe6 Qxd4 13. Nc3 Bd6 14. Rad1 Qg4 15. Bxf6 Qxe6 16. Rxe6 Rxf6 17. Rxf6 gxf6 18. Ne4 f5 19. Ng3 Rf8 20. Rd3 Kg7 21. Kf1 Kg6 22. Rf3 b5 23. Ke2 c5 24. Ra3 Ra8 25. Rf3 Re8+ 26. Kd1 f4 27. Ne2 Kg5 28. g3 Kg4 29. Ng1 c4 30. h3+ Kg5 31. Ne2 fxg3 32. fxg3 Rd8 33. Ke1 Be5 34. Nc3 h5 35. Ne4+ Kg6 36. c3 b4 37. Ke2 Rb8 38. Nd2 bxc3 39. bxc3 Rb2 40. Kd1 Rxa2 41. Nxc4 Bg7 42. Kc1 Rh2 43. h4 Re2 44. Kb1 Re4 45. Nd2 Rg4 46. Kc2 Be5 47. Nf1 a5 48. Rf8 Rc4 49. Rf3 a4 50. Nd2 Rg4 51. Nf1 a3 52. Kb3 Ra4 53. Rf2 a2 54. Rxa2 Rxa2 55. Kxa2 Bxc3 56. Kb3 Bg7 57. Kc4 Kf5 58. Kd5 Kg4 59. Ne3+ Kf3 60. Nf5 Bc3 61. Ke6 Kg4 62. Ne3+ Kxg3 63. Kf5 Kxh4 64. Kg6 Bd2 0-1

[Event "Pardubice op rap 25th"]
[Site "Pardubice"]
[Date "2014.07.17"]
[Round "4"]
[White "Blecha, Miroslav"]
[Black "Kareva, Natalia"]
[Result "1-0"]
[WhiteElo "2225"]
[BlackElo "2129"]
[PlyCount "157"]
[EventDate "2014.07.16"]
[EventType "swiss (rapid)"]
[EventRounds "9"]
[EventCountry "CZE"]
[SourceTitle "EXT 2015"]
[Source "ChessBase"]
[SourceDate "2014.11.20"]
[SourceVersion "1"]
[SourceVersionDate "2014.11.20"]
[SourceQuality "1"]

1. e4 c5 2. Nf3 Nc6 3. Bb5 g6 4. Bxc6 dxc6 5. 0-0 Bg4 6. h3 Bxf3 7. Qxf3 Bg7 8. d3 Qb6 9. c3 Rd8 10. Na3 Qa6 11. Rd1 b5 12. Nc2 Nf6 13. Be3 Nd7 14. Qe2 e5 15. f4 exf4 16. Bxf4 0-0 17. Qf2 f5 18. Bd6 Rf7 19. exf5 Rxf5 20. Qe3 Nf6 21. Qe6+ Kh8 22. Re1 Qc8 23. Qxc8 Rxc8 24. Ne3 Rh5 25. g4 Rxh3 26. Kg2 Rxe3 27. Rxe3 Nxg4 28. Re7 Bf8 29. Rd7 Bxd6 30. Rxd6 Ne3+ 31. Kf3 Nd5 32. Rh1 Kg8 33. Rd7 Rf8+ 34. Kg3 h5 35. Rd6 Rf6 36. Rxf6 Nxf6 37. Kf4 Kg7 38. Ke5 g5 39. Kf5 g4 40. Kg5 c4 41. dxc4 bxc4 42. Re1 Nd5 43. Kxh5 g3 44. Kg4 g2 45. Kf3 Kf6 46. Kxg2 Nf4+ 47. Kf3 Nd3 48. Re2 Kf5 49. Rh2 Ke5 50. Ke3 c5 51. b3 Kd5 52. Rd2 Ke6 53. Rxd3 cxd3 54. Kxd3 Kd5 55. c4+ Ke5 56. Ke3 a5 57. a3 Kf5 58. Kd3 Ke5 59. Kc3 Kd6 60. Kd3 Ke5 61. Ke3 Kf5 62. Kd3 Ke5 63. Kc3 Kd6 64. Kc2 Kd7 65. Kd3 Ke7 66. Ke4 Ke6 67. Kf4 Kf6 68. Ke3 Ke5 69. Kd3 Kf5 70. Kc3 Ke5 71. b4 cxb4+ 72. axb4 axb4+ 73. Kxb4 Kd6 74. Kb5 Kc7 75. Kc5 Kd7 76. Kb6 Kc8 77. Kc6 Kb8 78. Kd7 Kb7 79. c5 1-0

[Event "Pardubice op rap 25th"]
[Site "Pardubice"]
[Date "2014.07.17"]
[Round "5"]
[White "Zpevakova, Jana"]
[Black "Blecha, Miroslav"]
[Result "1-0"]
[WhiteElo "2016"]
[BlackElo "2225"]
[PlyCount "67"]
[EventDate "2014.07.16"]
[EventType "swiss (rapid)"]
[EventRounds "9"]
[EventCountry "CZE"]
[SourceTitle "EXT 2015"]
[Source "ChessBase"]
[SourceDate "2014.11.20"]
[SourceVersion "1"]
[SourceVersionDate "2014.11.20"]
[SourceQuality "1"]

1. d4 Nf6 2. c4 e6 3. Nf3 b6 4. a3 Bb7 5. Nc3 d5 6. cxd5 Nxd5 7. Qc2 Nxc3 8. bxc3 c5 9. e4 Nd7 10. Bd3 Be7 11. 0-0 0-0 12. Bb2 Rc8 13. Qe2 h6 14. Rad1 Qc7 15. Bb1 Rfd8 16. Rfe1 Nf8 17. d5 exd5 18. exd5 Bf6 19. c4 Bxb2 20. Qxb2 Re8 21. Nh4 g6 22. Qf6 Nh7 23. Qc3 Qf4 24. g3 Qd6 25. f4 Nf6 26. h3 b5 27. Qc2 bxc4 28. Nxg6 Bxd5 29. Re5 Rxe5 30. fxe5 Qc7 31. Qf5 Be4 32. Qxc8+ Qxc8 33. Ne7+ Kg7 34. Nxc8 1-0

[Event "Pardubice op rap 25th"]
[Site "Pardubice"]
[Date "2014.07.17"]
[Round "7"]
[White "Zwardon, Vojtech"]
[Black "Blecha, Miroslav"]
[Result "1-0"]
[WhiteElo "2399"]
[BlackElo "2225"]
[PlyCount "86"]
[EventDate "2014.07.16"]
[EventType "swiss (rapid)"]
[EventRounds "9"]
[EventCountry "CZE"]
[SourceTitle "EXT 2015"]
[Source "ChessBase"]
[SourceDate "2014.11.20"]
[SourceVersion "1"]
[SourceVersionDate "2014.11.20"]
[SourceQuality "1"]

1. e4 c5 2. Nf3 d6 3. d4 cxd4 4. Nxd4 Nf6 5. Nc3 a6 6. h3 e5 7. Nde2 Be7 8. g4 h6 9. Bg2 Be6 10. Be3 Nbd7 11. Qd2 Nb6 12. b3 Qc7 13. 0-0 Rd8 14. Nd5 Bxd5 15. exd5 0-0 16. Ng3 Nh7 17. Qa5 Na8 18. Qxc7 Nxc7 19. Nf5 Bg5 20. Bb6 Rd7 21. c4 Ne8 22. Ng3 g6 23. Be4 Ng7 24. Bc2 f5 25. Rae1 h5 26. gxf5 gxf5 27. c5 h4 28. c6 Rdf7 29. Ne2 Bd8 30. Bxd8 Rxd8 31. f4 Nf8 32. cxb7 Ng6 33. Bd3 Rxb7 34. fxe5 Nxe5 35. Bxf5 Rf7 36. Nd4 Rdf8 37. Be6 Nxe6 38. dxe6 Rg7+ 39. Kh2 Rg3 40. Nf5 Rf3 41. e7 Re8 42. Rxe5 Rxf1 43. Nxd6 Rxe7 1-0

[Event "Pardubice op rap 25th"]
[Site "Pardubice"]
[Date "2014.07.16"]
[Round "3"]
[White "Chekletsov, Ilya"]
[Black "Blecha, Miroslav"]
[Result "1/2-1/2"]
[WhiteElo "2078"]
[BlackElo "2225"]
[PlyCount "43"]
[EventDate "2014.07.16"]
[EventType "swiss (rapid)"]
[EventRounds "9"]
[EventCountry "CZE"]
[SourceTitle "EXT 2015"]
[Source "ChessBase"]
[SourceDate "2014.11.20"]
[SourceVersion "1"]
[SourceVersionDate "2014.11.20"]
[SourceQuality "1"]

1. d4 Nf6 2. c4 e6 3. Nf3 b6 4. a3 Bb7 5. Nc3 Be7 6. Qc2 d5 7. cxd5 exd5 8. g3 0-0 9. Bg2 c5 10. 0-0 Nc6 11. Rd1 Rc8 12. Bg5 cxd4 13. Nxd4 Nxd4 14. Rxd4 Ne4 15. Bxe7 Qxe7 16. Rad1 Nxc3 17. bxc3 Qxa3 18. Ra4 Qxc3 19. Qxc3 Rxc3 20. Rxa7 Rb8 21. Bxd5 Bxd5 22. Rxd5 1/2-1/2

[Event "CZE-chT2A 1314"]
[Site "Czech Republic"]
[Date "2014.03.23"]
[Round "10.2"]
[White "Turner, Radek"]
[Black "Blecha, Miroslav"]
[Result "0-1"]
[WhiteElo "2085"]
[BlackElo "2222"]
[PlyCount "134"]
[EventDate "2013.11.03"]
[EventType "team-tourn"]
[EventRounds "11"]
[EventCountry "CZE"]
[SourceTitle "EXT 2015"]
[Source "ChessBase"]
[SourceDate "2014.11.20"]
[SourceVersion "1"]
[SourceVersionDate "2014.11.20"]
[SourceQuality "1"]
[WhiteTeam "Domazlice"]
[BlackTeam "Plzen Letna"]
[WhiteTeamCountry "CZE"]
[BlackTeamCountry "CZE"]

1. c4 b6 2. Nc3 c5 3. e4 Bb7 4. d3 Nc6 5. Nge2 Nf6 6. g3 h5 7. h3 e6 8. Bg2 d6 9. 0-0 Be7 10. a3 Qd7 11. f4 0-0-0 12. b4 Nh7 13. b5 Na5 14. f5 g5 15. f6 Nxf6 16. Bxg5 Nh7 17. Bxe7 Qxe7 18. Nf4 Nf6 19. Ra2 Rdg8 20. Kh2 Nd7 21. Nxh5 Qg5 22. Bf3 Ne5 23. Be2 Naxc4 24. dxc4 Rxh5 25. Rg1 Rh7 26. Qd2 Qg7 27. g4 Qf6 28. Qe3 Rgh8 29. Rg3 Ng6 30. Bf3 Qe5 31. Bg2 Nf4 32. Kg1 Qd4 33. Kh2 Nxg2 34. Kxg2 Qxc4 35. Qd3 Qd4 36. Rd2 Qxd3 37. Rdxd3 d5 38. exd5 exd5 39. Kh2 d4 40. Ne2 Re8 41. Nxd4 cxd4 42. Rxd4 f6 43. Rc3+ Rc7 44. Rxc7+ Kxc7 45. Rf4 Re6 46. h4 Be4 47. h5 Kd6 48. Rf2 Kc5 49. a4 Kb4 50. h6 Kxa4 51. Re2 Re7 52. Kg3 Kxb5 53. Kf4 Rh7 54. Rb2+ Kc6 55. Kxe4 Rxh6 56. Kf5 a5 57. Rc2+ Kb5 58. Rb2+ Ka6 59. Re2 a4 60. Re6 Ka5 61. g5 Rh5 62. Kxf6 b5 63. g6 Rh6 64. Ke5 Rh8 65. g7 Rg8 66. Re7 Kb4 67. Kd4 a3 0-1

[Event "CZE-chT2A 1314"]
[Site "Czech Republic"]
[Date "2014.01.05"]
[Round "5.1"]
[White "Blecha, Miroslav"]
[Black "Hausner, Ivan"]
[Result "1/2-1/2"]
[WhiteElo "2222"]
[BlackElo "2378"]
[PlyCount "58"]
[EventDate "2013.11.03"]
[EventType "team-tourn"]
[EventRounds "11"]
[EventCountry "CZE"]
[SourceTitle "EXT 2015"]
[Source "ChessBase"]
[SourceDate "2014.11.20"]
[SourceVersion "1"]
[SourceVersionDate "2014.11.20"]
[SourceQuality "1"]
[WhiteTeam "Plzen Letna"]
[BlackTeam "Pisek"]
[WhiteTeamCountry "CZE"]
[BlackTeamCountry "CZE"]

1. e4 c5 2. Nf3 d6 3. d4 cxd4 4. Nxd4 Nf6 5. Nc3 Nc6 6. Bc4 e6 7. Be3 Be7 8. Qe2 a6 9. 0-0-0 0-0 10. g4 Nd7 11. f4 Nxd4 12. Bxd4 b5 13. Bb3 Qc7 14. f5 Nc5 15. f6 Bxf6 16. Bxf6 gxf6 17. g5 fxg5 18. Rdg1 Kh8 19. Rxg5 f6 20. Rg4 Bb7 21. Rf1 Rac8 22. Rgf4 Qg7 23. Kb1 Nxb3 24. axb3 Rc5 25. Qd2 Qe7 26. Rd1 Re5 27. Qxd6 Qxd6 28. Rxd6 b4 29. Rb6 bxc3 1/2-1/2

[Event "CZE-chT2A 1314"]
[Site "Czech Republic"]
[Date "2013.12.01"]
[Round "3.1"]
[White "Blecha, Miroslav"]
[Black "Simunek, Filip"]
[Result "1/2-1/2"]
[WhiteElo "2222"]
[BlackElo "2149"]
[PlyCount "58"]
[EventDate "2013.11.03"]
[EventType "team-tourn"]
[EventRounds "11"]
[EventCountry "CZE"]
[SourceTitle "EXT 2015"]
[Source "ChessBase"]
[SourceDate "2014.11.20"]
[SourceVersion "1"]
[SourceVersionDate "2014.11.20"]
[SourceQuality "1"]
[WhiteTeam "Plzen Letna"]
[BlackTeam "Klatovy"]
[WhiteTeamCountry "CZE"]
[BlackTeamCountry "CZE"]

1. e4 c5 2. Nf3 Nc6 3. Bb5 g6 4. Bxc6 dxc6 5. d3 Bg7 6. h3 e5 7. Be3 b6 8. Nc3 Ne7 9. Qd2 h6 10. g4 Be6 11. 0-0-0 Qd7 12. g5 hxg5 13. Nxg5 0-0-0 14. f4 exf4 15. Bxf4 Rh5 16. Kb1 Rdh8 17. Ne2 Bg4 18. Nxf7 Bxe2 19. Qxe2 Rf8 20. Nd6+ Kd8 21. Qe3 g5 22. Bg3 Bd4 23. Qe1 Rxh3 24. c3 Bg7 25. Qg1 Rf3 26. Nb7+ Kc8 27. Nd6+ Kd8 28. Nb7+ Kc8 29. Nd6+ Kd8 1/2-1/2

[Event "CZE-chT2A 1314"]
[Site "Czech Republic"]
[Date "2013.11.17"]
[Round "2.2"]
[White "Blecha, Miroslav"]
[Black "Husak, Antonin"]
[Result "0-1"]
[WhiteElo "2222"]
[BlackElo "1978"]
[PlyCount "48"]
[EventDate "2013.11.03"]
[EventType "team-tourn"]
[EventRounds "11"]
[EventCountry "CZE"]
[SourceTitle "EXT 2015"]
[Source "ChessBase"]
[SourceDate "2014.11.20"]
[SourceVersion "1"]
[SourceVersionDate "2014.11.20"]
[SourceQuality "1"]
[WhiteTeam "Plzen Letna"]
[BlackTeam "Tachov"]
[WhiteTeamCountry "CZE"]
[BlackTeamCountry "CZE"]

1. e4 d5 2. exd5 c6 3. dxc6 Nxc6 4. Nc3 e5 5. Bb5 Bd6 6. d3 Nge7 7. Nge2 0-0 8. 0-0 a6 9. Ba4 h6 10. Kh1 b5 11. Bb3 Bb7 12. Ne4 Bc7 13. f4 Na5 14. N2g3 Nxb3 15. axb3 f5 16. Nc3 Ng6 17. Qh5 Nh4 18. Rf2 b4 19. Na4 exf4 20. Ne2 f3 21. gxf3 Qe7 22. Bf4 Bxf3+ 23. Rxf3 Qxe2 24. Raf1 Qg2# 0-1

[Event "Pardubice op rap 24th"]
[Site "Pardubice"]
[Date "2013.07.18"]
[Round "8"]
[White "Kareva, Natalia"]
[Black "Blecha, Miroslav"]
[Result "0-1"]
[WhiteElo "2109"]
[BlackElo "2222"]
[PlyCount "90"]
[EventDate "2013.07.17"]
[EventType "swiss (rapid)"]
[EventRounds "9"]
[EventCountry "CZE"]
[SourceTitle "CBM 155 Extra"]
[Source "ChessBase"]
[SourceDate "2013.08.26"]
[SourceVersion "1"]
[SourceVersionDate "2013.08.26"]
[SourceQuality "1"]

1. e4 c5 2. Nf3 d6 3. Bb5+ Bd7 4. a4 Nf6 5. e5 dxe5 6. Nxe5 Bxb5 7. axb5 Nbd7 8. Nf3 e6 9. c3 Qb6 10. Qe2 Be7 11. Na3 0-0 12. 0-0 Nd5 13. d4 Bf6 14. c4 Nb4 15. dxc5 Nxc5 16. Be3 Qc7 17. Bd4 Bxd4 18. Nxd4 Nbd3 19. Rfd1 Rfd8 20. Nf3 Rd7 21. g3 Rad8 22. Ne1 h6 23. Kf1 b6 24. Nxd3 Nxd3 25. Rd2 Qb7 26. f3 Nc5 27. Rxd7 Qxd7 28. Nc2 Nb3 29. Re1 Qd6 30. Ne3 Qc5 31. Rd1 Rxd1+ 32. Nxd1 Qxc4 33. Qxc4 Nd2+ 34. Ke2 Nxc4 35. Kd3 Nd6 36. Nc3 Kf8 37. Kd4 Ke7 38. f4 f6 39. g4 g6 40. h4 h5 41. f5 hxg4 42. fxg6 g3 43. Ke3 Nf5+ 44. Kf3 Nxh4+ 45. Kxg3 Nxg6 0-1

[Event "CZE-chT2A 1213"]
[Site "Czech Republic"]
[Date "2013.02.17"]
[Round "9.1"]
[White "Blecha, Miroslav"]
[Black "Hlavacek, Tomas"]
[Result "1-0"]
[WhiteElo "2232"]
[BlackElo "2026"]
[PlyCount "161"]
[EventDate "2012.10.14"]
[EventType "team-tourn"]
[EventRounds "11"]
[EventCountry "CZE"]
[SourceTitle "EXT 2015"]
[Source "ChessBase"]
[SourceDate "2014.11.20"]
[SourceVersion "1"]
[SourceVersionDate "2014.11.20"]
[SourceQuality "1"]
[WhiteTeam "Plzen Letna"]
[BlackTeam "Karlovy Vary II"]
[WhiteTeamCountry "CZE"]
[BlackTeamCountry "CZE"]

1. e4 e5 2. Nf3 Nc6 3. Bb5 a6 4. Ba4 Nf6 5. 0-0 Be7 6. Re1 b5 7. Bb3 0-0 8. h3 d6 9. c3 Na5 10. Bc2 c5 11. d4 Nc6 12. Nbd2 Re8 13. d5 Nb8 14. Nf1 Nbd7 15. Ng3 Nf8 16. a4 Rb8 17. axb5 axb5 18. Be3 Ng6 19. Ra7 Rb7 20. Ra8 Qc7 21. Qa1 Bd7 22. Ra6 Reb8 23. Qa5 Qxa5 24. Rxa5 h6 25. b4 cxb4 26. cxb4 Rc8 27. Bd3 Rc3 28. Bf1 Rb3 29. Bd2 Nf4 30. Re3 Rb1 31. Rea3 Kh7 32. Ra1 Rxa1 33. Rxa1 Bd8 34. Ra6 Be7 35. Be3 N4h5 36. Nxh5 Nxh5 37. g4 Nf6 38. Nd2 g6 39. Ra7 Rxa7 40. Bxa7 Ne8 41. Nb1 Bd8 42. Nc3 Bg5 43. Nb1 Kg7 44. Bb6 Bc1 45. Bd3 Bb2 46. Kf1 h5 47. f3 hxg4 48. hxg4 Kf8 49. Ke2 f5 50. gxf5 gxf5 51. Kd2 fxe4 52. fxe4 Nf6 53. Kc2 Ba1 54. Na3 Ke7 55. Be3 Ke8 56. Bg5 Kf7 57. Bxf6 Kxf6 58. Bxb5 Bh3 59. Nc4 Ke7 60. Nb2 Bg2 61. Bd3 Kd7 62. Kb1 Bxb2 63. Kxb2 Kc7 64. Kc2 Bf3 65. Kd2 Kb6 66. Ke1 Bh5 67. Kf2 Be8 68. Kg3 Bb5 69. Bxb5 Kxb5 70. Kg4 Kxb4 71. Kf5 Kc4 72. Ke6 Kc5 73. Kd7 Kd4 74. Kxd6 Kxe4 75. Kc6 Kf3 76. d6 e4 77. d7 e3 78. d8Q e2 79. Qh4 Kg2 80. Qe1 Kf3 81. Kd5 1-0